=LDR 00000nam 2200000 4500 =001 INLIS000000000039345 =005 20130612144958 =008 ***********************************ind** =035 ##$$0010-061300000039345 =041 ##$$a ind =082 ##$$a 650.1 =090 ##$$a 650.1, And t =100 ##$$a Aditya =245 ##$$a Trik Suskses Menjadi Pengusaha Properti =650 ##$$a Bisnis =850 ##$$a NBPNMAT